Lieux par lettre - J - Statistiques

Statistiques générales
  • Ce quiz a été pris 2 893 fois
  • Le résultat moyen est 11 sur 19
Statistiques - réponses
Indice Lieux % Correct
Plus grande planète du système solaire Jupiter
100%
Canton suisse ou département français Jura
95%
Pays du Soleil levant Japon
94%
On y trouve le Mur des Lamentations Jérusalem
93%
Île berceau du reggae Jamaïque
92%
Un zoo avec des vélociraptors et un tyrannosaure Jurassic Park
88%
Voisine d'Israël Jordanie
87%
Capitale de l'Indonésie Jakarta
86%
Grande métropole Sud-Africaine Johannesbourg
75%
Jungle dans laquelle on peut se retrouver, en jouant à un jeu de plateau Jumanji
61%
La plus grande des îles Anglo-Normandes Jersey
54%
Région dans "Pokémon Or et Argent" Johto
25%
Capitale de l’État indien du Rajasthan. Jaipur
22%
Capitale de l'Alaska Juneau
21%
Péninsule formant la partie continentale du Danemark Jutland
21%
Commune du département de la Charente, ville natale de François Mitterrand,à ne pas confondre avec Jetruande Jarnac
16%
Ville revendiquée par la Palestine, considérée comme une des plus anciennes au monde Jéricho
16%
État du Mexique dont Guadalajara est la capitale Jalisco
6%
Troisième plus grand satellite de Saturne, nommé d'après un titan de la mythologie grecque Japet
5%
Aucun quiz correspondant
Distribution des résultats
% des personnes avec chaque résultat
Percentile par nombre de réponses
Votre historique - résultats
Vous n’avez pas pris ce quiz